[Event "Ghent op 43rd"]
[Site "Ghent"]
[Date "2022.07.23"]
[Round "7"]
[White "Leemans, Huub"]
[Black "Tomme, Lowie"]
[Result "1/2-1/2"]
[WhiteElo "2021"]
[BlackElo "2139"]
[PlyCount "80"]
[EventDate "2022.07.20"]
[EventType "swiss"]
[EventRounds "9"]
[EventCountry "BEL"]
[SourceTitle "CBM 209 Extra"]
[Source "ChessBase"]
[SourceDate "2022.09.30"]
[SourceVersion "1"]
[SourceVersionDate "2022.09.30"]
[SourceQuality "1"]

1. d4 d5 2. Nf3 Nf6 3. g3 e6 4. Bg2 c5 5. 0-0 Nc6 6. c4 dxc4 7. Ne5 Bd7 8. Na3 cxd4 9. Naxc4 Rc8 10. Qb3 Nxe5 11. Nxe5 Bc6 12. Nxc6 bxc6 13. Rd1 c5 14. Bg5 Qd7 15. Rac1 Be7 16. e3 0-0 17. Bxf6 Bxf6 18. e4 Be7 19. Bf1 Rb8 20. Qc2 e5 21. Bd3 Rfc8 22. b3 Bg5 23. Rb1 Rb6 24. Bc4 Rh6 25. Bf1 Be7 26. Qd3 Rb8 27. Rbc1 Rf6 28. Rc2 h5 29. f3 h4 30. g4 Rg6 31. Kh1 Rgb6 32. Qd2 Qd8 33. Bd3 Bg5 34. Qe2 Qf8 35. Rc4 Rb4 36. Bc2 Rxc4 37. Qxc4 Rb4 38. Qd5 Bf4 39. Bd3 Rb6 40. Qd7 a5 1/2-1/2

[Event "Ghent Eastman op 42nd"]
[Site "Ghent"]
[Date "2019.07.20"]
[Round "2"]
[White "Leemans, Huub"]
[Black "Cordts, Ingo"]
[Result "0-1"]
[WhiteElo "2005"]
[BlackElo "2212"]
[PlyCount "32"]
[EventDate "2019.07.20"]
[EventType "swiss"]
[EventRounds "9"]
[EventCountry "BEL"]
[SourceTitle "CBM 191 Extra"]
[Source "ChessBase"]
[SourceDate "2019.09.30"]
[SourceVersion "1"]
[SourceVersionDate "2019.09.30"]
[SourceQuality "1"]

1. d4 Nf6 2. c4 e6 3. g3 d5 4. Nf3 dxc4 5. Bg2 Nc6 6. Qa4 Nd7 7. Qxc4 Nb6 8. Qd3 Nb4 9. Qb3 e5 10. Nxe5 Be6 11. Qd1 Qxd4 12. Qxd4 Nc2+ 13. Kf1 Nxd4 14. Nc3 0-0-0 15. h3 Nc2 16. Rb1 Bxa2 0-1

[Event "Ghent Taminco op 38th"]
[Site "Ghent"]
[Date "2015.07.19"]
[Round "3"]
[White "Stone, Andrew M"]
[Black "Leemans, Huub"]
[Result "1-0"]
[WhiteElo "2209"]
[BlackElo "1960"]
[PlyCount "113"]
[EventDate "2015.07.18"]
[EventType "swiss"]
[EventRounds "9"]
[EventCountry "BEL"]
[SourceTitle "CBM 167 Extra"]
[Source "ChessBase"]
[SourceDate "2015.09.14"]
[SourceVersion "1"]
[SourceVersionDate "2015.09.14"]
[SourceQuality "1"]

1. c4 e5 2. g3 Nc6 3. Bg2 f5 4. d3 Nf6 5. Nc3 d6 6. e4 Be7 7. Nge2 0-0 8. 0-0 Qe8 9. Nd5 Bd8 10. exf5 Bxf5 11. Ne3 Bd7 12. h3 Rb8 13. g4 Nd4 14. Ng3 Bc6 15. f4 exf4 16. Rxf4 Bxg2 17. Nxg2 c5 18. Be3 Nd7 19. Rxf8+ Nxf8 20. Bxd4 cxd4 21. Qf3 Bf6 22. Rf1 Qd7 23. Ne4 Be5 24. Ng5 h6 25. Qd5+ Kh8 26. Nh4 Bf6 27. Nf7+ Kh7 28. Qe4+ Kg8 29. Nxh6+ Kh8 30. Ng6+ Nxg6 31. Qxg6 Qe7 32. Nf5 Qe8 33. Qxe8+ Rxe8 34. Nxd6 Re3 35. g5 Bxg5 36. Nf7+ Kg8 37. Nxg5 Rg3+ 38. Kh2 Rxg5 39. Rf4 Re5 40. b4 Re2+ 41. Kg3 Re3+ 42. Rf3 Re2 43. Kf4 Kf7 44. a4 Ke6 45. Rg3 Kf6 46. Kf3 Re6 47. Kf2 g5 48. Rg4 Rd6 49. Kf3 Kf5 50. h4 gxh4 51. Rxh4 Rd7 52. Rh5+ Kg6 53. Rd5 Rxd5 54. cxd5 Kf5 55. d6 Ke6 56. Ke4 Kxd6 57. Kxd4 1-0

[Event "Val Thorens op 32nd"]
[Site "Val Thorens"]
[Date "2006.07.18"]
[Round "4"]
[White "Meyer, Marc2222"]
[Black "Leemans, Huub"]
[Result "1-0"]
[WhiteElo "1540"]
[BlackElo "1199"]
[PlyCount "35"]
[EventDate "2006.07.15"]
[EventType "swiss"]
[EventRounds "9"]
[EventCountry "FRA"]
[SourceTitle "EXT 2010"]
[Source "ChessBase"]
[SourceDate "2010.11.25"]
[SourceVersion "1"]
[SourceVersionDate "2010.11.25"]
[SourceQuality "1"]

1. d4 d5 2. Nf3 e6 3. Bf4 Nf6 4. e3 Bd6 5. Bg3 0-0 6. Be2 Nc6 7. 0-0 Re8 8. c4 Bxg3 9. hxg3 e5 10. cxd5 Nxd5 11. Bb5 Bd7 12. Bxc6 Bxc6 13. Nxe5 Qd6 14. Na3 b5 15. Nxc6 Qxc6 16. Rc1 Qa6 17. Qb3 c6 18. Rc5 1-0